00663nam a2200241 a 4500001001300000003000900013005001700022008004100039020001000080082001600090100002200106245003500128260003600163300000900199500003500208505001000243650002000253700002200273902000800295942000700303952009600310999001500406nice12345678IN_TiNIC20260116011916.0050524s1921 caia grp 000 0 eng  ac10000a220.91bTRU aTrumper, Victor L aHistorical Sites in Palestine. aCairobNile Mission Pressc1921 a137p aincludes index and biblioraphy2 aIndex aBible-Geography1 aTrumper, Victor L bSRS cBK 00104070aHMIbHMId2007-06-18g100.00l0o220.91 TRUp8655r2007-06-18w2026-01-16yARB c4867d4867